<?xml version="1.0" encoding="UTF-8"?>
<record
    xmlns:xsi="http://www.w3.org/2001/XMLSchema-instance"
    xsi:schemaLocation="http://www.loc.gov/MARC21/slim http://www.loc.gov/standards/marcxml/schema/MARC21slim.xsd"
    xmlns="http://www.loc.gov/MARC21/slim">

  <leader>01087nam a22002051  4500</leader>
  <controlfield tag="001">000018348</controlfield>
  <controlfield tag="005">20240503073630.0</controlfield>
  <controlfield tag="008">780607s1968    sp a          000 0 spa  </controlfield>
  <datafield tag="040" ind1=" " ind2=" ">
    <subfield code="a">DO-SdBNP</subfield>
    <subfield code="b">spa</subfield>
    <subfield code="c">BNPHU</subfield>
  </datafield>
  <datafield tag="082" ind1=" " ind2=" ">
    <subfield code="a">xxx</subfield>
    <subfield code="b">C419</subfield>
  </datafield>
  <datafield tag="100" ind1="1" ind2=" ">
    <subfield code="a">Cervantes Saavedra, Miguel de,</subfield>
    <subfield code="d">1547-1616</subfield>
    <subfield code="9">3070</subfield>
  </datafield>
  <datafield tag="245" ind1="0" ind2="0">
    <subfield code="a">Entremeses /</subfield>
    <subfield code="c">Miguel De Cervantes Saavedra ; introducci&#xF3;n Arturo Souto.</subfield>
  </datafield>
  <datafield tag="260" ind1=" " ind2=" ">
    <subfield code="a">M&#xE9;xico :</subfield>
    <subfield code="b">Porr&#xFA;a,</subfield>
    <subfield code="c">1968.</subfield>
  </datafield>
  <datafield tag="300" ind1=" " ind2=" ">
    <subfield code="a">210 p. :</subfield>
    <subfield code="b">il. ;</subfield>
    <subfield code="c">19 cm.</subfield>
  </datafield>
  <datafield tag="490" ind1="1" ind2=" ">
    <subfield code="a">&#xA8;Sepan cuantos...&#xA8;</subfield>
    <subfield code="v">no. 98</subfield>
  </datafield>
  <datafield tag="505" ind1="0" ind2=" ">
    <subfield code="t">De el juez de los divorcios--</subfield>
    <subfield code="t">Del Rufi&#xE1;n viudo llamado trampagos --</subfield>
    <subfield code="t">De la eleccion de los alcaldes de Daganzo --</subfield>
    <subfield code="t">De la guarda cuidadosa --</subfield>
    <subfield code="t">Del Vizca&#xED;no fingido --</subfield>
    <subfield code="t">Del retablo de las maravillas --</subfield>
    <subfield code="t">De la cueva de Salamanca --</subfield>
    <subfield code="t">De el viejo celoso --</subfield>
    <subfield code="g">Atribuidos:</subfield>
    <subfield code="t">De los habladores --</subfield>
    <subfield code="t">De la c&#xE1;rcel de Sevilla --</subfield>
    <subfield code="t">De el hospital de los podridos --</subfield>
    <subfield code="t">Famosos de los romances --</subfield>
    <subfield code="t">De los Mirones</subfield>
  </datafield>
  <datafield tag="700" ind1="2" ind2=" ">
    <subfield code="a">Alcina Franch, Juan,</subfield>
    <subfield code="e">introd.</subfield>
    <subfield code="9">39742</subfield>
  </datafield>
  <datafield tag="830" ind1=" " ind2="0">
    <subfield code="a">&#xA8;Sepan cuantos...&#xA8;</subfield>
    <subfield code="n">no. 98</subfield>
    <subfield code="9">39743</subfield>
  </datafield>
  <datafield tag="830" ind1=" " ind2="0">
    <subfield code="a">Obras maestras de la literatura universal</subfield>
    <subfield code="9">39744</subfield>
  </datafield>
  <datafield tag="952" ind1=" " ind2=" ">
    <subfield code="0">0</subfield>
    <subfield code="1">0</subfield>
    <subfield code="5">0</subfield>
    <subfield code="7">1</subfield>
    <subfield code="8">MO</subfield>
    <subfield code="a">GR</subfield>
    <subfield code="b">GR</subfield>
    <subfield code="c">CT</subfield>
    <subfield code="d">2010-04-29</subfield>
    <subfield code="i">LF1</subfield>
    <subfield code="l">0</subfield>
    <subfield code="o">xxx C419</subfield>
    <subfield code="p">18348-10</subfield>
    <subfield code="r">2020-06-25</subfield>
    <subfield code="w">2020-06-25</subfield>
    <subfield code="y">1</subfield>
    <subfield code="Z">No se presta</subfield>
  </datafield>
  <datafield tag="999" ind1=" " ind2=" ">
    <subfield code="c">17869</subfield>
    <subfield code="d">17869</subfield>
  </datafield>
</record>
